Missing Word: Top Grossing Movies (2012) Quiz Stats

 Plays Quiz Updated Jan 16, 2015

Challenge
Share
Tweet
Embed
Score 0/20 Timer 02:00
6 Plays Today
Movie Missing Word % Correct
The _____ Knight RisesDark
98.1%
Men in _____ 3Black
96.9%
_____ MisérablesLes
96.4%
The _____ GamesHunger
95.3%
Madagascar 3: Europe's _____ WantedMost
93.9%
The _____ Saga: Breaking Dawn Part 2Twilight
91.5%
Wreck-It _____Ralph
91.3%
Life of _____Pi
88.7%
The _____ Spider-ManAmazing
85.4%
_____ UnchainedDjango
82.9%
Movie Missing Word % Correct
Ice Age: Continental _____Drift
79.2%
Snow White and the _____Huntsman
76%
The _____ LegacyBourne
68.6%
The Hobbit: An _____ JourneyUnexpected
58.7%
_____ of the GuardiansRise
44.7%
Hotel _____Transylvania
38%
_____ of the TitansWrath
22.2%
Dark _____Shadows
21.4%
John _____Carter
20.7%
Journey 2: The _____ IslandMysterious
17.1%

Today's Daily Dose

You're not logged in!

Compare scores with friends on all Sporcle quizzes.
OR
Log In

You Might Also Like...

Show Comments

Extras

Top Quizzes Today


Score Distribution

Your Account Isn't Verified!

In order to create a playlist on Sporcle, you need to verify the email address you used during registration. Go to your Sporcle Settings to finish the process.

Report this User

Report this user for behavior that violates our Community Guidelines.

Details: